| 000 | 00786nam a2200241 a 4500 | ||
|---|---|---|---|
| 001 | 000015001 | ||
| 005 | 20200929163933.0 | ||
| 008 | 100128s1981 sp a 000 f spa d | ||
| 020 | _a8485836065 | ||
| 040 |
_aDO-SdBNP _bspa _cBNPHU |
||
| 082 |
_a813.3 _bP743a |
||
| 100 | 1 |
_aPoe, Edgar Allan, _d1809-1849 _99903 |
|
| 245 | 1 | 0 |
_aAventuras de A. Gordon Pym / _cEdgar Allan Poe ; traducción de Julio Gómez de la Serna. |
| 260 |
_aBarcelona : _bMayol Pujol, _c1981. |
||
| 300 |
_a246 p. : _bil. ; _c19 cm. |
||
| 490 | 1 |
_aBiblioteca E.M.P. _v4 |
|
| 650 | 4 |
_aNovela estadounidense _9262 |
|
| 650 | 4 |
_aLiteratura estadounidense _9263 |
|
| 700 | 1 |
_aGómez de la Serna, Julio, _etr. _912818 |
|
| 830 | 0 |
_aBiblioteca E.M.P. ; _v4 _933960 |
|
| 910 | _aCatalogación por copia | ||
| 049 | _aBNGR | ||
| 999 |
_c14574 _d14574 |
||